000 00287nam a22001337a 4500
008 170418b xxu||||| |||| 00| 0 eng d
020 _a9781464107207
041 _aeng
080 _a573
100 _a10
101 _aSHM
245 _aA GUIDE TO BIOLOGY
_cPHELAN, J
942 _2udc
_cBK
999 _c10935
_d10935